000 00333nam a2200145Ia 4500
003 OSt
005 20240615150423.0
008 170524s9999 xx 000 0 und d
020 _a978-9390177530
040 _cIIMTU
100 _aBERI- G.C.
245 0 _aMarketing Research
260 _bTATA MCGRAW HILL NEW DELHI
942 _2ddc
_c02
999 _c8482
_d8482